The Rough Guide History of Islam / (Record no. 19582)

MARC details
000 -LEADER
fixed length control field 00463nam a22001697a 4500
003 - CONTROL NUMBER IDENTIFIER
control field BDDh-ASL
005 - DATE AND TIME OF LATEST TRANSACTION
control field 20231015025805.0
008 - FIXED-LENGTH DATA ELEMENTS--GENERAL INFORMATION
fixed length control field 201213s2003 enk||||| |||| 00| 0 eng d
040 ## - CATALOGING SOURCE
Original cataloging agency BDDh-ASL
Transcribing agency BDDh-ASL
082 ## - DEWEY DECIMAL CLASSIFICATION NUMBER
Classification number 297.09
Item number WIR
100 1# - MAIN ENTRY--PERSONAL NAME
9 (RLIN) 2373
Personal name Wintle, Justin
245 10 - TITLE STATEMENT
Title The Rough Guide History of Islam /
260 ## - PUBLICATION, DISTRIBUTION, ETC.
Place of publication, distribution, etc. London :
Name of publisher, distributor, etc. Rough Guides online,
Date of publication, distribution, etc. 2003.
300 ## - PHYSICAL DESCRIPTION
Extent 520 p. :
Dimensions 15 cm.
650 #0 - SUBJECT ADDED ENTRY--TOPICAL TERM
9 (RLIN) 1652
Topical term or geographic name entry element Islam
General subdivision History
942 ## - ADDED ENTRY ELEMENTS (KOHA)
Source of classification or shelving scheme Dewey Decimal Classification
Koha item type Books
Holdings
Withdrawn status Lost status Source of classification or shelving scheme Damaged status Not for loan Collection code Home library Current library Shelving location Date acquired Source of acquisition Total Checkouts Full call number Barcode Date last seen Copy number Price effective from Koha item type Public note
    Dewey Decimal Classification   Not For Loan Non-fiction Asiatic Society Library Asiatic Society Library Ludden Collection 12/13/2020 Donated by Prof. David Ludden   297.09 WIR 102935 12/13/2020 C-1 12/13/2020 Books RARE

Powered by Koha